Training course on aquaculture management

Wedi'i Gadw mewn:
Manylion Llyfryddiaeth
Prif Awdur: Saclauso, C. A.
Fformat: Llyfr
Iaith:Undetermined
Cyhoeddwyd: Philippines Aquaculture department southeast Asian fisheries development center 1997
Pynciau:
Tagiau: Ychwanegu Tag
Dim Tagiau, Byddwch y cyntaf i dagio'r cofnod hwn!
Thư viện lưu trữ: Trung tâm Học liệu Trường Đại học Cần Thơ
LEADER 00570nam a2200181Ia 4500
001 CTU_150611
008 210402s9999 xx 000 0 und d
082 |a 639.8 
082 |b S119 
100 |a Saclauso, C. A. 
245 0 |a Training course on aquaculture management 
245 0 |c C. A. Saclauso 
260 |a Philippines 
260 |b Aquaculture department southeast Asian fisheries development center 
260 |c 1997 
650 |a Nuôi trồng thủy sản,Aquaculture 
904 |i Trọng Hải 
980 |a Trung tâm Học liệu Trường Đại học Cần Thơ